000 00718nam a22002172 4500
001 0000008396
005 20151217152032.0
008 080409s xx 000 0 eng d
020 _a8178089033 :
_cKES 3120
040 _aKABU
_cKABU
100 1 _aLimoncelli, Thomas A.
_@0000158950
245 1 4 _aThe Practice of system and network administration /
_cThomas A. Limoncelli and Christine Hogan.
260 _aDelhi :
_bPearson Education,
_c2002.
300 _axxxvi, 774 p.
650 0 _aComputer networks
_xManagement.
_@0000156312
650 0 _aComputer systems.
_@0000156313
700 1 _aHogan, Christine.
_@0000158951
908 _a080409
950 _@1
999 _c7546
_d7546